000 00615nam a2200229 a 4500
999 _c3738
_d3738
001 3738
003 BD-JhCC
005 20171118082712.0
008 171118s2012 bg |||| ||a| 00| 0 en d
020 _a9847012002124
035 _a(BD-JhCC)3738
040 _aBD-JhCC
_dBD-JhCC
041 _aben
082 _a891.4415
_bSEN 2012
100 _aসেন, সমর
245 _aশ্রেষ্ঠ কবিতা /
_cসমর সেন
260 _aঢাকা :
_bকথা প্রকাশ,
_c2012.
300 _a120 p. :
_c22 cm.
650 _aSlection of Poem
942 _2ddc
_cBK